| 000 | 01908nab a2200313 a 4500 | ||
|---|---|---|---|
| 005 | 20260108064007.0 | ||
| 008 | 991125c2015 sp fr p o 000 0 spa d | ||
| 035 | _aUPN01000208312 | ||
| 040 |
_aMX-MxUPN _bspa _cMX-MxUPN _eaacr2 |
||
| 049 | _aART-E | ||
| 100 | 1 | _aHidalgo Rodríguez, María del Carmen | |
| 100 | 1 | _uhidalgor@ugr.es | |
| 100 | 1 | _aRuiz Almagro, Isabel | |
| 100 | 1 | _aBerlanga Macías, Marta | |
| 100 | 1 | _aHidalgo Navarrete, José | |
| 245 | 1 | 0 | _a¡Ya lo sabemos! ¿pasamos a otra cosa? La estructura corporal en niños de 3 años, un contenido superado al inicio del segundo ciclo de educación infantil |
| 506 | 0 | _aAcceso abierto | |
| 520 | 3 | _aEl presente artículo consiste en una investigación realizada en dos colegios rurales de la provincia de Jaén, concretamente, en el segundo ciclo de educación infantil. A través de varias técnicas e instrumentos diversos, hemos comprobado las ideas previas que los niños poseen acerca de la estructura corporal; después, sobre estos datos, se ha elaborado una reflexión sobre dicho tema, teniendo en cuenta las directrices que la legislación actual recoge sobre este asunto. De esta forma y poniendo en evidencia que, a su llegada al centro, los alumnos ya poseen l os conocimientos y el nivel establecido por la legislación vigente, esto obliga a docentes y profesionales de la enseñanza a profundizar acerca de este tema, más allá de los objetivos marcados por las leyes actuales. | |
| 650 | 4 |
_aLibros de texto _94427 |
|
| 650 | 4 |
_aTeorías de la educación _95007 |
|
| 653 | 0 | _aEstructura corporal | |
| 653 | 0 | _aEducación infantil | |
| 653 | 0 | _aDidáctica de la lengua | |
| 773 |
_gVol. 17, no. 1 (2015), p. 239-259 _tAula de encuentro _x2341-4847 |
||
| 856 | 4 | _uhttps://revistaselectronicas.ujaen.es/index.php/ADE/issue/view/212 | |
| 902 | _aGloria Jiménez/040925 | ||
| 905 | _aArticulo | ||
| 942 | _cART-E | ||
| 999 |
_c180413 _d180413 |
||